Growing Cities in South Dakota - Statistics

General Stats
  • This quiz has been taken 19 times
  • The average score is 4 of 5
Answer Stats
Population Population Gained City % Correct
74,703 5,728 Rapid City
100%
192,517 38,541 Sioux Falls
100%
28,495 2,383 Aberdeen
82%
6,732 2,619 Harrisburg
53%
11,746 3,888 Box Elder
41%
No matching quizzes found
Score Distribution
Percent of People with Each Score
Percentile by Number Answered
Your Score History
You have not taken this quiz